000 01326naa a22003497a 4500
001 BR8202632
003 BR-BrBNA
005 20240918175117.0
007 ta
008 230509b bl.||||| |||| 00| 0 por d
040 _aBR-BrBNA
_bpor
_cBiblioteca Nacional de Agricultura
041 _a(Pt)
072 _aF60; F22; F00
_b0120
_b3810
_bG514
090 _aF60 BR8202632
100 1 _aVasconcellos, C.A.
100 1 _aSantos, H.L. dos
100 1 _aFranca, G.E. de
111 1 _aSimposio sobre Potassio na Agricultura Brasileira
_cLondrina, PR (Brazil)
_d25 Jan 1982
245 1 _aO potassio na cultura do milho [Fertilizante potassico; Quimica do solo; Fisca do solo; Rendimento; Brasil]
260 3 _aPiracicaba, SP (Brasil):
_c1982.
500 _aSimposio sobre Potassio na Agricultura Brasileira. Trabalhos apresentados Piracicaba, SP (Brasil): 1982. v. 2 p. 125-138 (BR8202632-AM)F60
650 _aMILHO
650 _aFERTILIZANTE POTASSICO
650 _aNUTRICAO VEGETAL
650 _aABSORCAO
650 _aNUTRIENTE MINERAL
650 _aANALISE DO SOLO
650 _aRENDIMENTO
773 0 _tSimposio sobre Potassio na Agricultura Brasileira. Trabalhos apresentados
_wF60 BR8202632
_gPiracicaba, SP (Brasil), 1982. v. 2 p. 125-138
909 _a202404
_bLucia
_c55
_dLucia Elande
942 _cAM
_2AGRIS
999 _c315061
_d315061